000 00858nam a22003017a 4500
001 0042753
003 KOHA_MİRAKIL
005 20260207003324.0
007 ta
008 130730b2012 tu a|||gr||||#||||0|tur |
020 _a9786055336868
040 _aTR-BiSEU
_btur
_cTR-BiSEU
_erda
041 0 _atur
044 _ctu
050 _aHF5625
_b.T67 2012
100 1 _aToroslu, M.Vefa.
245 1 _aMuhasebe teorisi/
_cM.Vefa Toroslu ; M. Vefa Toroslu.
264 1 _aAnkara :
_bAdalet Yayınevi
_c2012
300 _axxviii, 403 sayfa :
_bgrafik ;
_c24 cm.
336 _ametin
_btxt
_2rdacontent
337 _aaracısız
_bn
_2rdamedia
338 _acilt
_bnc
_2rdacarrier
650 0 _aMuhasebe.
_92513
650 0 _aMuhasebe--Metodoloji.
_979531
650 0 _aAccounting.
_92913
650 0 _aAccounting--Methodology.
_979532
942 _2lcc
_cBK
999 _c42579
_d42579